Economía argentina (Registro nro. 18363)

Detalles MARC
000 -LEADER
fixed length control field 00471 a2200133 4500
001 - CONTROL NUMBER
control field ART_42713
005 - DATE AND TIME OF LATEST TRANSACTION
control field 20260410161737.0
008 - FIXED-LENGTH DATA ELEMENTS--GENERAL INFORMATION
fixed length control field 260409a
100 1# - MAIN ENTRY--PERSONAL NAME
Personal name Alemann, Roberto T.
245 10 - TITLE STATEMENT
Title Economía argentina
700 1# - ADDED ENTRY--PERSONAL NAME
Personal name Rodríguez Giavarini, Adalberto
700 1# - ADDED ENTRY--PERSONAL NAME
Personal name Gutierrez, Ricardo
773 0# - HOST ITEM ENTRY
Title Ejecutivos de finanzas
Related parts XIII Congreso del I.A.E.F. Economía, finanzas y negocios rumbo al siglo XXI - Año 12, Nº 126 (jun. 1996)
Record control number REV2863

No hay ítems disponibles.